[Event "Ogolnopolski Turniej Niepelnosprawnych"]
[Site "Rowy"]
[Date "2011.??.??"]
[Round "3.5"]
[White "Cylwik, Zbigniew"]
[Black "Solek, Zenon"]
[Result "1-0"]
[WhiteElo "1986"]
[BlackElo "1883"]
[PlyCount "75"]
[EventDate "2011.??.??"]

1. d4 f5 2. Bg5 d6 3. e3 g6 4. c4 Bg7 5. Nc3 Nf6 6. Bd3 Nc6 7. d5 Ne5 8. Be2
Nf7 9. Bh4 O-O 10. Nh3 c6 11. Ng5 Qa5 12. Nxf7 Rxf7 13. O-O Bd7 14. a3 Rc8 15.
b4 Qc7 16. Rc1 e5 17. dxe6 Bxe6 18. Bg3 Rd7 19. c5 Bf8 20. Qd4 Kf7 21. cxd6
Bxd6 22. Nb5 Bxg3 23. Nxc7 Rxd4 24. Nxe6 Rd2 25. Bc4 Nd5 26. Ng5+ Kf6 27. Nxh7+
Kg7 28. Ng5 Bc7 29. Nf3 Rb2 30. Bxd5 cxd5 31. Rc5 a5 32. Rfc1 axb4 33. axb4
Rxb4 34. Rxc7+ Rxc7 35. Rxc7+ Kf6 36. g3 g5 37. h4 gxh4 38. Nxh4 1-0

[Event "Ogolnopolski Turniej Niepelnosprawnych"]
[Site "Rowy"]
[Date "2011.??.??"]
[Round "3.6"]
[White "Kiedrowicz, Jan"]
[Black "Czech, Jan"]
[Result "1-0"]
[WhiteElo "2301"]
[BlackElo "1851"]
[PlyCount "71"]
[EventDate "2011.??.??"]

1. Nf3 Nc6 2. d4 d5 3. c4 e6 4. Nc3 Nf6 5. Bg5 Be7 6. e3 h6 7. Bh4 Nh7 8. Bg3
Nf6 9. a3 a6 10. Ne5 O-O 11. Rc1 Nxe5 12. Bxe5 c6 13. Bd3 Bd6 14. Bxd6 Qxd6 15.
c5 Qc7 16. f4 Qe7 17. O-O Nh7 18. e4 dxe4 19. Nxe4 Nf6 20. Nd6 Ne8 21. Nc4 Bd7
22. Qb3 Rb8 23. Rce1 Qd8 24. Bc2 g6 25. Ne5 Kg7 26. Qd3 f5 27. Bb3 Nc7 28. Rf3
Nd5 29. Qe2 Rf6 30. Nd3 b5 31. Bxd5 exd5 32. Qe7+ Rf7 33. Qd6 Qf8 34. Rfe3 Re8
35. Rxe8 Bxe8 36. Qe5+ 1-0

[Event "Ogolnopolski Turniej Niepelnosprawnych"]
[Site "Rowy"]
[Date "2011.??.??"]
[Round "3.7"]
[White "Koper, Ireneusz"]
[Black "Dembowski, Andrzej"]
[Result "0-1"]
[WhiteElo "2030"]
[BlackElo "1942"]
[PlyCount "98"]
[EventDate "2011.??.??"]

1. e4 c5 2. Nc3 Nc6 3. g3 g6 4. Bg2 Bg7 5. Nge2 e6 6. d3 d6 7. Be3 Nd4 8. Qd2
Ne7 9. O-O O-O 10. Rae1 Rb8 11. Nc1 11... b5 $11 12. Nd1 b4 13. c3 bxc3 14.
bxc3 Ndc6 15. Bh6 Ba6 16. Bxg7 Kxg7 17. f4 f5 18. exf5 exf5 19. Rf2 Rf7 20.
Rfe2 Bc8 21. Ne3 d5 22. Nb3 Qd6 23. d4 cxd4 24. Nxd4 Na5 25. c4 Qb6 26. Nxd5
Nxd5 27. Bxd5 Rc7 28. Re7+ Kh6 29. Rxc7 Qxc7 30. Nb5 Qc5+ 31. Qe3 Rxb5 32. cxb5
Qxd5 33. Qxa7 Bb7 34. Re2 Nc4 35. h4 Qf3 36. a4 Bd5 37. Qd4 Qxe2 38. Qxd5 Ne3
39. Qc6 Qe1+ 40. Kh2 Ng4+ 41. Kh3 Nf2+ 42. Kg2 Ne4 43. Qc2 Qxg3+ 44. Kf1 Qxf4+
45. Ke1 Qxh4+ 46. Ke2 Qf2+ 47. Kd3 Nc5+ 48. Kc3 Qxc2+ 49. Kxc2 Nxa4 0-1

[Event "Ogolnopolski Turniej Niepelnosprawnych"]
[Site "Rowy"]
[Date "2011.??.??"]
[Round "3.8"]
[White "Nadolinski, Roman"]
[Black "Najdzionek, Boleslaw"]
[Result "1/2-1/2"]
[WhiteElo "1992"]
[BlackElo "1871"]
[PlyCount "61"]
[EventDate "2011.??.??"]

1. Nf3 Nf6 2. d4 d5 3. Bf4 Bf5 4. e3 Nbd7 5. Bd3 Bxd3 6. Qxd3 e6 7. Nbd2 Be7 8.
O-O O-O 9. Rac1 Nh5 10. Bg3 Nxg3 11. fxg3 Nb6 12. c3 c5 13. Rb1 c4 14. Qe2 Rc8
15. e4 Nd7 16. exd5 exd5 17. Ne5 Bf6 18. Nxd7 Qxd7 19. Nf3 Rce8 20. Qd2 h6 21.
Rbe1 Re4 22. Rxe4 dxe4 23. Ne1 Bg5 24. Qe2 Qe6 25. Nc2 b5 26. Re1 Re8 27. Na3
a6 28. Nc2 f5 29. Ne3 a5 30. a3 Rf8 31. Rf1 1/2-1/2

[Event "Ogolnopolski Turniej Niepelnosprawnych"]
[Site "Rowy"]
[Date "2011.??.??"]
[Round "3.9"]
[White "Rogalski, Krzysztof"]
[Black "Czech, Mieczyslaw"]
[Result "1/2-1/2"]
[WhiteElo "1846"]
[BlackElo "1967"]
[PlyCount "56"]
[EventDate "2011.??.??"]

1. d4 d5 2. c4 e6 3. Nc3 Nf6 4. Bf4 c6 5. e3 Nbd7 6. Nf3 Be7 7. Qc2 O-O 8. Rd1
a6 9. Bd3 Re8 10. h3 Nf8 11. O-O Ng6 12. Bh2 b5 13. c5 Nd7 14. b4 Ndf8 15. Ne2
Bf6 16. Ne5 Nxe5 17. dxe5 Be7 18. Nd4 Bd7 19. f4 a5 20. a3 axb4 21. axb4 Ra4
22. Qd2 g6 23. Bc2 Ra6 24. Rf3 Qa8 25. Bd3 Ra2 26. Bc2 Qa7 27. Qf2 Ra8 28. Qg3
f5 1/2-1/2

[Event "Ogolnopolski Turniej Niepelnosprawnych"]
[Site "Rowy"]
[Date "2011.??.??"]
[Round "3.10"]
[White "Jackowski, Ryszard"]
[Black "Krawcewicz, Lucyna"]
[Result "0-1"]
[WhiteElo "1820"]
[BlackElo "1963"]
[PlyCount "76"]
[EventDate "2011.??.??"]

1. e4 c5 2. Nc3 a6 3. f4 b5 4. Nf3 Bb7 5. d4 cxd4 6. Nxd4 b4 7. Nd5 e6 8. Ne3
Bxe4 9. Nf3 Qc7 10. Ne5 Nf6 11. Bd3 d6 12. N5g4 Bxd3 13. Qxd3 Nbd7 14. O-O Be7
15. Kh1 O-O 16. c3 bxc3 17. bxc3 Rfc8 18. Bd2 Nc5 19. Nxf6+ Bxf6 20. Qc2 Qc6
21. f5 Ne4 22. fxe6 fxe6 23. Rac1 d5 24. Ng4 Qc5 25. Qd3 Qc4 26. Qc2 Bxc3 27.
Bf4 h5 28. Ne3 Qb5 29. Qd1 d4 30. Nc2 e5 31. Bg3 Rf8 32. Rf3 Rae8 33. Rb1 Qa5
34. Qd3 Rxf3 35. gxf3 Nf6 36. a3 Qd5 37. Nb4 Bxb4 38. Rxb4 Nd7 0-1

[Event "Ogolnopolski Turniej Niepelnosprawnych"]
[Site "Rowy"]
[Date "2011.??.??"]
[Round "3.11"]
[White "Dulinski, Stanislaw"]
[Black "Staruch, Roman"]
[Result "1-0"]
[WhiteElo "1831"]
[BlackElo "1957"]
[PlyCount "108"]
[EventDate "2011.??.??"]

1. e4 d5 2. e5 Bf5 3. Nf3 e6 4. Nd4 Bg6 5. c3 c6 6. f4 Bc5 7. d3 Nh6 8. Nf3 O-O
9. d4 Bb6 10. Bd3 c5 11. Bxg6 hxg6 12. Be3 Ng4 13. Bg1 cxd4 14. cxd4 Nc6 15. h3
Nh6 16. g4 Ba5+ 17. Kf2 Qb6 18. b3 Rac8 19. Kg3 Rc7 20. a3 Qa6 21. Nbd2 Bc3 22.
Rc1 Bb2 23. Rc2 Bxa3 24. Ra2 Nb4 25. Ra1 Rfc8 26. Bf2 Nc2 27. Ra2 Qb6 28. Qe2
Be7 29. h4 Nb4 30. Ra4 Rc3 31. Rha1 a6 32. Rb1 Nd3 33. Be3 Nc1 34. Qe1 Qb5 35.
Raa1 Nd3 36. Qf1 Qb6 37. Qe2 Nb4 38. Rb2 Rc2 39. Rxc2 Rxc2 40. Ne1 Rc3 41. Nef3
Qd8 42. Rd1 Qc7 43. Rb1 Rc2 44. Ne1 Rc3 45. Ndf3 Nc2 46. Bd2 Rc6 47. Nd3 b6 48.
b4 a5 49. b5 Rc4 50. Qf2 Nb4 51. Nb2 Rc2 52. Qe3 Rc4 53. Nxc4 Qxc4 54. Rc1 Qxb5
1-0

[Event "Ogolnopolski Turniej Niepelnosprawnych"]
[Site "Rowy"]
[Date "2011.??.??"]
[Round "3.12"]
[White "Prokopczuk, Antoni"]
[Black "Pioch, Zygmunt"]
[Result "0-1"]
[WhiteElo "1753"]
[BlackElo "2123"]
[PlyCount "82"]
[EventDate "2011.??.??"]

1. d4 Nf6 2. c4 c5 3. Nf3 cxd4 4. Nxd4 e5 5. Nb3 Bb4+ 6. Bd2 Be7 7. Nc3 b6 8.
e4 Bb7 9. Bd3 d6 10. Nd5 O-O 11. O-O Nbd7 12. f4 Ba6 13. Rc1 Re8 14. Nxe7+ Qxe7
15. f5 h6 16. Qf3 Bb7 17. g4 Nc5 18. Nxc5 dxc5 19. Rf2 Rad8 20. g5 hxg5 21.
Bxg5 Qd6 22. Rc3 Kf8 23. Bc2 Qc6 24. Bxf6 Qxf6 25. Qg4 Rd4 26. b3 Red8 27. Rh3
Ke7 28. Re2 Rd2 29. Rhe3 Qh6 30. Rh3 Qf6 31. Kf1 g6 32. Ke1 Rxe2+ 33. Kxe2 gxf5
34. Qxf5 Qxf5 35. exf5 Rg8 36. Rg3 Rh8 37. h3 Rh4 38. Ke3 Kf6 39. Bd3 e4 40.
Be2 Kxf5 41. Bg4+ Ke5 0-1

[Event "Ogolnopolski Turniej Niepelnosprawnych"]
[Site "Rowy"]
[Date "2011.??.??"]
[Round "3.13"]
[White "Szczepaniec, Stanislaw"]
[Black "Janocha, Jan"]
[Result "1-0"]
[WhiteElo "2075"]
[BlackElo "1781"]
[PlyCount "89"]
[EventDate "2011.??.??"]

1. d4 e6 2. Nf3 d5 3. g3 Nf6 4. Bg2 Bd6 5. c4 c6 6. Qc2 Nbd7 7. O-O O-O 8. b3
Re8 9. Rd1 Qe7 10. Nc3 Nf8 11. e4 Nxe4 12. Nxe4 dxe4 13. Qxe4 Ng6 14. h4 Qc7
15. c5 Be7 16. h5 Nf8 17. Bf4 Qd8 18. Ne5 g5 19. hxg6 Nxg6 20. Nc4 Bf6 21. Bd6
Bd7 22. f4 Rc8 23. Kf2 b5 24. Ne5 Bxe5 25. dxe5 f5 26. Qe2 Kg7 27. Rh1 Rh8 28.
Bf3 Be8 29. Rh3 Qa5 30. Qb2 Qa6 31. Rah1 Qb7 32. Ke3 Ne7 33. Qh2 Bg6 34. Rh6
Nd5+ 35. Bxd5 cxd5 36. Qh4 d4+ 37. Kf2 Qf7 38. Be7 Kg8 39. b4 a5 40. a3 axb4
41. axb4 Ra8 42. Rd1 Ra7 43. Bd6 Ra2+ 44. Kg1 Qe8 45. Qe7 1-0

[Event "Ogolnopolski Turniej Niepelnosprawnych"]
[Site "Rowy"]
[Date "2011.??.??"]
[Round "3.14"]
[White "Krasowski, Slawomir"]
[Black "Ben, Jaroslaw"]
[Result "1/2-1/2"]
[WhiteElo "2013"]
[BlackElo "1719"]
[PlyCount "52"]
[EventDate "2011.??.??"]

1. e4 c6 2. d4 d5 3. Nc3 dxe4 4. Nxe4 Nd7 5. Bc4 Ngf6 6. Ng5 e6 7. Qe2 Nb6 8.
c3 Nxc4 9. Qxc4 h6 10. N5f3 Bd6 11. Ne5 Bxe5 12. dxe5 Nd5 13. Qg4 g6 14. Nf3
Qe7 15. O-O Bd7 16. c4 Nc7 17. Be3 c5 18. Rfd1 O-O-O 19. b4 cxb4 20. Bxa7 Bc6
21. Nd4 Qg5 22. Nxc6 bxc6 23. Qe4 Rxd1+ 24. Rxd1 Rd8 25. Rb1 Qd2 26. g3 Qxa2
1/2-1/2

[Event "Ogolnopolski Turniej Niepelnosprawnych"]
[Site "Rowy"]
[Date "2011.??.??"]
[Round "3.15"]
[White "Wojtowicz, Mieczyslaw"]
[Black "Borowski, Jaroslaw"]
[Result "1/2-1/2"]
[WhiteElo "1737"]
[BlackElo "1982"]
[PlyCount "72"]
[EventDate "2011.??.??"]

1. d4 Nf6 2. Nf3 e6 3. Bg5 d5 4. e3 Be7 5. Bd3 O-O 6. h4 Nbd7 7. Nbd2 h6 8. Bf4
c5 9. c3 Qb6 10. b3 Bd6 11. Ne5 Qc7 12. Nxd7 Bxd7 13. Bxd6 Qxd6 14. g4 e5 15.
g5 Ng4 16. dxc5 Qxc5 17. gxh6 Nxh6 18. Qc2 Bg4 19. Rg1 Rac8 20. c4 Qe7 21. Be2
Bxe2 22. Kxe2 Rfd8 23. Rg5 d4 24. Qd3 dxe3 25. Qxe3 Rc6 26. Rag1 g6 27. h5 Kg7
28. Rxe5 Qd7 29. hxg6 Rxg6 30. Rxg6+ Kxg6 31. Qg5+ Kh7 32. Rd5 Qe6+ 33. Kd3 Re8
34. Qh5 Kg7 35. Qg5+ Kh7 36. Qh5 Kg7 1/2-1/2

[Event "Ogolnopolski Turniej Niepelnosprawnych"]
[Site "Rowy"]
[Date "2011.??.??"]
[Round "3.16"]
[White "Tuszynski, Edmund"]
[Black "Niezgoda, Boleslaw"]
[Result "1-0"]
[WhiteElo "1947"]
[BlackElo "1735"]
[PlyCount "66"]
[EventDate "2011.??.??"]

1. e4 c5 2. Nf3 Nc6 3. a3 e5 4. Bc4 Be7 5. d3 Nf6 6. Nc3 d6 7. h3 O-O 8. O-O a6
9. Nh2 Nd4 10. f4 exf4 11. Bxf4 Qc7 12. Ne2 Ne6 13. Bd2 b5 14. Ba2 c4 15. Nf4
Bb7 16. Qe2 Nd4 17. Qd1 Rfd8 18. Be3 Nc6 19. Ng4 cxd3 20. cxd3 Qb8 21. Nd5 Nxd5
22. Bxd5 Rf8 23. Qb3 Nd8 24. Rf2 Bxd5 25. Qxd5 Ne6 26. Raf1 Qd8 27. Qf5 Nc5 28.
Qd5 Nd7 29. Rxf7 Kh8 30. Qe6 Re8 31. Rxg7 Kxg7 32. Bd4+ Ne5 33. Nxe5 Bf6 1-0

[Event "Ogolnopolski Turniej Niepelnosprawnych"]
[Site "Rowy"]
[Date "2011.??.??"]
[Round "3.17"]
[White "Jasinska-Kuzia, Lidia"]
[Black "Zinczuk, Leon"]
[Result "0-1"]
[WhiteElo "1727"]
[BlackElo "1890"]
[PlyCount "50"]
[EventDate "2011.??.??"]

1. e4 c5 2. d4 cxd4 3. Qxd4 Nc6 4. Qd1 g6 5. Bd2 Nf6 6. Bd3 Bg7 7. Bc3 d6 8.
Ne2 O-O 9. O-O a6 10. f4 Qb6+ 11. Kh1 Ng4 12. Qe1 Bxc3 13. bxc3 Bd7 14. Nd2 Qc7
15. h3 Nf6 16. Qh4 Kg7 17. f5 Ne5 18. Nf3 h6 19. Nxe5 g5 20. Qg3 dxe5 21. h4
Rh8 22. hxg5 hxg5+ 23. Kg1 Rh5 24. Nd4 Rah8 25. Nf3 Qc5+ 0-1

[Event "Ogolnopolski Turniej Niepelnosprawnych"]
[Site "Rowy"]
[Date "2011.??.??"]
[Round "3.18"]
[White "Olszewski, Jerzy"]
[Black "Opolski, Wojciech"]
[Result "0-1"]
[WhiteElo "1885"]
[BlackElo "1713"]
[PlyCount "50"]
[EventDate "2011.??.??"]

1. e4 e5 2. Nf3 Nc6 3. Bb5 Bc5 4. O-O Nge7 5. c3 a6 6. Ba4 O-O 7. d3 h6 8. Be3
Bxe3 9. fxe3 d5 10. exd5 Nxd5 11. Re1 b5 12. Bc2 Be6 13. Nbd2 f5 14. Nf1 Qf6
15. Qe2 Rae8 16. a4 b4 17. c4 Nde7 18. b3 Ng6 19. Rad1 Bd7 20. Qf2 Re7 21. Re2
f4 22. e4 Bg4 23. Rdd2 Bxf3 24. gxf3 Nd4 25. Bd1 Nxe2+ 0-1

[Event "Ogolnopolski Turniej Niepelnosprawnych"]
[Site "Rowy"]
[Date "2011.??.??"]
[Round "3.19"]
[White "Niecko, Stanislaw"]
[Black "Zatylny, Jan"]
[Result "0-1"]
[WhiteElo "1856"]
[BlackElo "1696"]
[PlyCount "82"]
[EventDate "2011.??.??"]

1. e4 e6 2. d4 d5 3. Nc3 Bb4 4. e5 a6 5. Qg4 g6 6. Bg5 Be7 7. Be3 Bb4 8. Bd3 f5
9. exf6 Qxf6 10. Nf3 Nc6 11. Ne5 Nxe5 12. dxe5 Qf7 13. Qxb4 Ne7 14. O-O-O O-O
15. Bh6 Re8 16. Qh4 c5 17. g4 Bd7 18. Kb1 b5 19. Bg5 Nc6 20. Bf6 Nd4 21. Ne2
Nc6 22. Nf4 Ne7 23. c4 bxc4 24. Bxc4 Bc6 25. Bd3 d4 26. Rhg1 Bd5 27. Rg3 c4 28.
Be2 Be4+ 29. Ka1 d3 30. Bf3 Bd5 31. Nxd5 Nxd5 32. Bxd5 exd5 33. f4 Rab8 34. f5
Rb6 35. e6 Rbxe6 36. fxe6 Qxe6 37. Bc3 d4 38. Bxd4 Qe1 39. b4 Qxd1+ 40. Kb2
Re2+ 41. Ka3 Qc1+ 0-1

[Event "Ogolnopolski Turniej Niepelnosprawnych"]
[Site "Rowy"]
[Date "2011.??.??"]
[Round "3.20"]
[White "Jonczyk, Jan"]
[Black "Czymbor, Ryszard"]
[Result "1/2-1/2"]
[WhiteElo "1696"]
[BlackElo "1836"]
[PlyCount "62"]
[EventDate "2011.??.??"]

1. d4 d5 2. c4 e6 3. Nc3 Nf6 4. Bg5 Be7 5. e3 a6 6. Nf3 O-O 7. Bd3 h6 8. Bxf6
Bxf6 9. O-O c6 10. Rc1 b5 11. cxb5 cxb5 12. Bb1 Bg5 13. Qc2 f5 14. Ne2 Be7 15.
Qc7 Bd6 16. Qxd8 Rxd8 17. a3 Bb7 18. Ne5 Nd7 19. Nc6 Rdc8 20. Na5 Rxc1 21. Rxc1
Rb8 22. Nxb7 Rxb7 23. Rc8+ Kf7 24. h3 Nb6 25. Rc1 Nc4 26. Rc2 g5 27. Nc1 a5 28.
Nd3 a4 29. Ba2 Kf6 30. Kf1 e5 31. dxe5+ Bxe5 1/2-1/2

[Event "Ogolnopolski Turniej Niepelnosprawnych"]
[Site "Rowy"]
[Date "2011.??.??"]
[Round "3.21"]
[White "Sarnowski, Ryszard"]
[Black "Salamon, Jan"]
[Result "1/2-1/2"]
[WhiteElo "1583"]
[BlackElo "1823"]
[PlyCount "57"]
[EventDate "2011.??.??"]

1. e4 d6 2. d4 Nf6 3. Nc3 g6 4. Nf3 Bg7 5. h3 O-O 6. Bd3 c6 7. Be3 b5 8. a3 Bb7
9. Qd2 a5 10. Bh6 Nbd7 11. Bxg7 Kxg7 12. O-O Qc7 13. Nh4 e5 14. dxe5 Nxe5 15.
f4 Nxd3 16. cxd3 b4 17. Ne2 c5 18. Rac1 Qb6 19. Kh2 h6 20. Nf3 Ng8 21. Ng3 f6
22. d4 Rad8 23. f5 Rfe8 24. Rfe1 Kh7 25. fxg6+ Kxg6 26. Nh4+ Kh7 27. e5 Bc8 28.
Qf4 Qc7 29. Nh5 1/2-1/2

[Event "Ogolnopolski Turniej Niepelnosprawnych"]
[Site "Rowy"]
[Date "2011.??.??"]
[Round "3.23"]
[White "Wroblewski, Mieczyslaw"]
[Black "Jagiello, Adolf"]
[Result "1-0"]
[WhiteElo "1791"]
[BlackElo "1443"]
[PlyCount "43"]
[EventDate "2011.??.??"]

1. e4 e5 2. Nf3 Nc6 3. Bb5 Nge7 4. O-O d6 5. h3 Bd7 6. d4 exd4 7. Nxd4 a6 8.
Nxc6 bxc6 9. Bc4 Ng6 10. Nc3 Ne5 11. Bb3 Ng6 12. Be3 Qf6 13. Qd2 h6 14. Rae1
Be6 15. Ba4 Ne7 16. Nd5 Bxd5 17. exd5 O-O-O 18. dxc6 d5 19. Bd4 Qg6 20. Rxe7
Bxe7 21. Qa5 Rd6 22. Qxa6+ 1-0

[Event "Ogolnopolski Turniej Niepelnosprawnych"]
[Site "Rowy"]
[Date "2011.??.??"]
[Round "3.25"]
[White "Radwan, Jan"]
[Black "Borkowski, Jozef"]
[Result "1-0"]
[WhiteElo "1693"]
[BlackElo "1740"]
[PlyCount "69"]
[EventDate "2011.??.??"]

1. b4 e6 2. Bb2 Nf6 3. b5 d5 4. Nf3 Be7 5. e3 Bd7 6. Ne5 c6 7. c4 Qb6 8. Nxd7
Nbxd7 9. cxd5 exd5 10. Nc3 c5 11. Qf3 Qe6 12. Be2 O-O 13. O-O Ne5 14. Qf4 Bd6
15. Qa4 c4 16. f4 Ned7 17. Qd1 Nc5 18. Qc2 Nfe4 19. Rf3 f5 20. Raf1 Rf6 21.
Nxd5 Qxd5 22. Bxc4 Qe6 23. Bxf6 Nxf6 24. Bxe6+ Nxe6 25. Qxf5 Nc5 26. Rc1 Nfe4
27. Rh3 g6 28. Qd5+ Kg7 29. d4 Nd3 30. Qxb7+ Kf6 31. Rxh7 Rf8 32. Rc6 Kf5 33.
Qd7+ Kf6 34. Rxd6+ Nxd6 35. Qxd6+ 1-0

[Event "Ogolnopolski Turniej Niepelnosprawnych"]
[Site "Rowy"]
[Date "2011.??.??"]
[Round "3.27"]
[White "Grabarczyk, Edmund"]
[Black "Strojek, Kazimierz"]
[Result "0-1"]
[WhiteElo "1539"]
[BlackElo "1775"]
[PlyCount "58"]
[EventDate "2011.??.??"]

1. d4 Nf6 2. c4 g6 3. Nc3 Bg7 4. e4 d6 5. Nf3 O-O 6. Bd3 Nc6 7. O-O Bg4 8. Be3
e5 9. d5 Ne7 10. h3 Bd7 11. b4 Ne8 12. a4 a5 13. b5 b6 14. Ne2 f5 15. Bg5 h6
16. Bxe7 Qxe7 17. Qc2 f4 18. Kh1 g5 19. Nh2 h5 20. f3 Nf6 21. Rf2 g4 22. hxg4
hxg4 23. Nxg4 Nxg4 24. fxg4 Bxg4 25. Ng1 Qh4+ 26. Nh3 f3 27. Rg1 fxg2+ 28.
Rgxg2 Rxf2 29. Qxf2 Qxh3+ 0-1

[Event "Ogolnopolski Turniej Niepelnosprawnych"]
[Site "Rowy"]
[Date "2011.??.??"]
[Round "3.28"]
[White "Krawiec, Stanislaw"]
[Black "Pilecki, Jozef"]
[Result "1-0"]
[WhiteElo "1662"]
[BlackElo "1432"]
[PlyCount "47"]
[EventDate "2011.??.??"]

1. e4 e5 2. Bc4 Nc6 3. a3 Bc5 4. Nf3 Nd4 5. O-O Nxf3+ 6. Qxf3 Qf6 7. Qe2 a6 8.
Nc3 d6 9. Nd1 Qg6 10. Kh1 Nf6 11. f3 Bb6 12. c3 c6 13. b4 Bd8 14. d4 O-O 15.
Bd3 Nh5 16. g3 Bh3 17. Re1 f5 18. Nf2 f4 19. g4 Ng3+ 20. hxg3 Qh6 21. Nxh3
Qxh3+ 22. Qh2 Qxh2+ 23. Kxh2 fxg3+ 24. Kxg3 1-0

[Event "Ogolnopolski Turniej Niepelnosprawnych"]
[Site "Rowy"]
[Date "2011.??.??"]
[Round "3.29"]
[White "Lenart, Franciszek"]
[Black "Przybylak, Gabriela"]
[Result "1-0"]
[WhiteElo "1601"]
[BlackElo "1419"]
[PlyCount "69"]
[EventDate "2011.??.??"]

1. d4 d5 2. e3 e6 3. Nf3 Nc6 4. Be2 Nf6 5. Nc3 g6 6. Bd2 a6 7. O-O Bg7 8. Ne5
Bd7 9. Nxd7 Nxd7 10. f4 O-O 11. b3 f5 12. Bc1 Nf6 13. Ba3 Re8 14. Na4 Nd7 15.
Nb2 Nf6 16. Nd3 Ne4 17. Bb2 Bf8 18. Ne5 Na7 19. c4 c6 20. g4 Bg7 21. g5 Bf8 22.
Rf3 Bg7 23. h4 Bxe5 24. dxe5 Nc8 25. Rh3 Re7 26. h5 Rg7 27. hxg6 Rxg6 28. Bh5
Rg7 29. Kg2 Ne7 30. Qf1 Kf8 31. Ba3 Nxg5 32. fxg5 Rxg5+ 33. Rg3 Rxg3+ 34. Kxg3
Kg7 35. Kf4 1-0

[Event "Ogolnopolski Turniej Niepelnosprawnych"]
[Site "Rowy"]
[Date "2011.??.??"]
[Round "3.30"]
[White "Panczuk, Boleslaw"]
[Black "Grobelna, Ewa"]
[Result "1/2-1/2"]
[WhiteElo "1482"]
[BlackElo "1586"]
[PlyCount "42"]
[EventDate "2011.??.??"]

1. d4 d5 2. c4 Nf6 3. Nf3 Bf5 4. Nc3 e6 5. Bg5 h6 6. Bxf6 Qxf6 7. e3 Bd6 8.
cxd5 exd5 9. Bd3 O-O 10. O-O Nd7 11. Qe2 Rad8 12. h3 Bxd3 13. Qxd3 c6 14. a3
Rfe8 15. Rac1 Qe6 16. b4 Nf6 17. Nh4 Ne4 18. Nxe4 Qxe4 19. Qxe4 Rxe4 20. Nf5
Re6 21. Nxd6 Rexd6 1/2-1/2

[Event "Ogolnopolski Turniej Niepelnosprawnych"]
[Site "Rowy"]
[Date "2011.??.??"]
[Round "3.31"]
[White "Ostrowski, Michal"]
[Black "Budnik, Kazimierz"]
[Result "0-1"]
[WhiteElo "1421"]
[BlackElo "1567"]
[PlyCount "86"]
[EventDate "2011.??.??"]

1. Nc3 e6 2. e4 c5 3. Nf3 Nc6 4. Bc4 a6 5. a3 b5 6. Ba2 Bd6 7. d3 Nge7 8. Ne2
Ne5 9. Ng3 Bb7 10. Nxe5 Bxe5 11. f4 Bf6 12. O-O Ng6 13. Nh5 O-O 14. e5 Be7 15.
Be3 d6 16. Qg4 dxe5 17. fxe5 Kh8 18. Rf2 Rg8 19. d4 cxd4 20. Qxd4 Qe8 21. Raf1
Rd8 22. Qc3 Rc8 23. Qd4 Rd8 24. Qb6 Rb8 25. Bd4 Bxg2 26. Qxa6 Bxf1 27. Kxf1 Nh4
28. c3 Nf5 29. Ba7 Rd8 30. Bb3 Rd3 31. Bc2 Rh3 32. Nf4 Rh6 33. Bxf5 exf5 34. e6
Rf8 35. Bd4 f6 36. Qb7 Bd6 37. Qd7 Bxf4 38. Rxf4 Rg8 39. Rxf5 Qa8 40. Kg1 Rg6+
41. Kf1 Qg2+ 42. Ke1 Qh1+ 43. Ke2 Qe4+ 0-1

[Event "Ogolnopolski Turniej Niepelnosprawnych"]
[Site "Rowy"]
[Date "2011.??.??"]
[Round "4.2"]
[White "Matuszczyk, Krystian"]
[Black "Pipala, Janusz"]
[Result "0-1"]
[WhiteElo "2046"]
[BlackElo "1935"]
[PlyCount "99"]
[EventDate "2011.??.??"]

1. d4 Nf6 2. c4 g6 3. Nf3 Bg7 4. g3 d6 5. Bg2 c6 6. Nc3 Qc7 7. O-O O-O 8. h3 a6
9. a4 b6 10. Bg5 Nbd7 11. Qc2 e5 12. dxe5 dxe5 13. e4 a5 14. Rfe1 Nc5 15. Rad1
Be6 16. b3 Rad8 17. Kh2 Bc8 18. Ng1 Ne6 19. Be3 Nd4 20. Qb1 Nd7 21. Nce2 Nc5
22. Nxd4 exd4 23. Bc1 Na6 24. Bg5 f6 25. Bf4 Qf7 26. Ne2 c5 27. Nc1 g5 28. Bd2
h6 29. Nd3 Rfe8 30. Re2 Nb8 31. Rf1 Bb7 32. f4 Qe7 33. Rfe1 Nd7 34. Qd1 Nf8 35.
Rf2 Ne6 36. Qh5 Qf7 37. Qxf7+ Kxf7 38. f5 Nf8 39. e5 Bxg2 40. e6+ Ke7 41. Kxg2
Nh7 42. Kf3 Kd6 43. g4 Bf8 44. Rh1 Kc6 45. Be1 Bd6 46. Bd2 Rh8 47. Kg2 Rde8 48.
h4 Nf8 49. hxg5 fxg5 50. Kf3 0-1

[Event "Ogolnopolski Turniej Niepelnosprawnych"]
[Site "Rowy"]
[Date "2011.??.??"]
[Round "4.3"]
[White "Krawcewicz, Lucyna"]
[Black "Kiedrowicz, Jan"]
[Result "0-1"]
[WhiteElo "1963"]
[BlackElo "2301"]
[PlyCount "91"]
[EventDate "2011.??.??"]

1. d4 d6 2. Nf3 Nd7 3. e4 c6 4. Bd3 e5 5. c3 h6 6. O-O Qf6 7. Be3 Ne7 8. Nbd2
g5 9. h3 Ng6 10. Nc4 Be7 11. dxe5 dxe5 12. Nh2 h5 13. g3 Ndf8 14. Qf3 Qxf3 15.
Nxf3 Bxh3 16. Rfd1 Bg4 17. Be2 Ne6 18. Rd2 f6 19. Rad1 Nc5 20. Bxc5 Bxc5 21. b4
Be7 22. Ne3 Be6 23. Bc4 Bxc4 24. Nxc4 g4 25. Nh2 Kf7 26. Nd6+ Ke6 27. Nxb7 h4
28. Nxg4 Rag8 29. Ne3 hxg3 30. fxg3 Nf4 31. Nf5 Rh3 32. Rh2 Rhxg3+ 33. Nxg3
Rxg3+ 34. Kf1 Rf3+ 35. Rf2 Rxc3 36. Nc5+ Bxc5 37. bxc5 Rxc5 38. Rfd2 Rc4 39.
Rd6+ Kf7 40. Rd7+ Kg6 41. Rxa7 Rxe4 42. a4 Nd5 43. Re1 Ne3+ 44. Ke2 Nf5+ 45.
Kd2 Rd4+ 46. Kc3 0-1

[Event "Ogolnopolski Turniej Niepelnosprawnych"]
[Site "Rowy"]
[Date "2011.??.??"]
[Round "4.4"]
[White "Wojcieszyn, Jacenty"]
[Black "Dulinski, Stanislaw"]
[Result "1-0"]
[WhiteElo "2252"]
[BlackElo "1831"]
[PlyCount "47"]
[EventDate "2011.??.??"]

1. d4 Nf6 2. c4 d5 3. cxd5 Qxd5 4. Nc3 Qa5 5. Nf3 c6 6. a3 Nbd7 7. b4 Qc7 8.
Bb2 e6 9. e4 a6 10. Rc1 Qd8 11. Bd3 Be7 12. O-O O-O 13. Qe2 Re8 14. Rfd1 g6 15.
Bb1 Bf8 16. h3 Nh5 17. Qe3 Qc7 18. e5 Qd8 19. g4 Ng7 20. Ne4 h6 21. Qxh6 Nf5
22. Qf4 Nh4 23. Nfg5 Bh6 24. Qxf7+ 1-0

[Event "Ogolnopolski Turniej Niepelnosprawnych"]
[Site "Rowy"]
[Date "2011.??.??"]
[Round "4.5"]
[White "Dembowski, Andrzej"]
[Black "Ulrych, Wojciech"]
[Result "0-1"]
[WhiteElo "1942"]
[BlackElo "1968"]
[PlyCount "51"]
[EventDate "2011.??.??"]

1. Nf3 Nf6 2. g3 Nc6 3. Bg2 e5 4. d3 d5 5. Nbd2 Be7 6. e4 Be6 7. O-O O-O 8. c3
Qd7 9. Ng5 Bg4 10. f3 Bh5 11. g4 Bg6 12. Nh3 Rad8 13. Nf2 d4 14. a4 dxc3 15.
bxc3 Bc5 16. Ba3 Bxf2+ 17. Rxf2 Rfe8 18. Bf1 h5 19. Qe2 hxg4 20. Rg2 gxf3 21.
Qxf3 Nh5 22. Nc4 Nf4 23. Rg3 Nd4 24. Qf2 Nde6 25. Rb1 Qxa4 26. Qb2 0-1

[Event "Ogolnopolski Turniej Niepelnosprawnych"]
[Site "Rowy"]
[Date "2011.??.??"]
[Round "4.6"]
[White "Pioch, Zygmunt"]
[Black "Zinczuk, Leon"]
[Result "1-0"]
[WhiteElo "2123"]
[BlackElo "1890"]
[PlyCount "62"]
[EventDate "2011.??.??"]

1. e4 c5 2. Nf3 Nc6 3. d4 cxd4 4. Nxd4 g6 5. Be3 Bg7 6. Nc3 Nf6 7. Bc4 O-O 8.
Bb3 Qa5 9. O-O d6 10. h3 Bd7 11. Re1 Nxd4 12. Bxd4 Bc6 13. Nd5 Bxd5 14. exd5
Rfe8 15. Re2 a6 16. Bc3 Qc5 17. Bd4 Qc7 18. Qd2 Nd7 19. Bxg7 Kxg7 20. c3 Rac8
21. Rae1 b5 22. Bc2 Nf6 23. f4 Qc4 24. Bb3 Qc5+ 25. Kh2 Qa7 26. a3 Rc5 27. g4
Qd7 28. Qd4 Kg8 29. Rf2 a5 30. f5 Qb7 31. fxg6 hxg6 1-0